000 00781nas a2200265 4500
001 BR8600167
003 BR-BrBNA
005 20231205090310.0
007 ta
008 230509b bl.|||p| |||| 00| 00por d
040 _aBR-BrBNA
_bpor
_cBiblioteca Nacional de Agricultura
041 _a(Pt)
072 _aF61
100 1 _aMachado, E.C.
100 1 _aPereira, A.R.
100 1 _aCamargo, M.B.P. de
100 1 _aFahl, J.I.
245 1 _aRelacoes radiometricas de uma cultura de cana-de-acucar
246 1 _aRadiometric relations of a sugarcane crop.
650 _aCANA DE ACUCAR
650 _aFOTOSSINTESE
773 0 _tBragantia (Brazil)
_xISSN 0006-8705
_g(1985), v. 44(1) p. 229-238
_wBR8600167
909 _a202311
_bLúcia
_c55
_dLúcia Elande
942 _2AGRIS
_n0
_cANA
999 _c117462
_d117462